|
|
|
|
| LEADER |
01588nam a2200421 a 4500 |
| 001 |
EBC491450 |
| 003 |
MiAaPQ |
| 005 |
20200520144314.0 |
| 006 |
m o d | |
| 007 |
cr cn||||||||| |
| 008 |
080625s2009 ctu sb 001 0 eng |
| 010 |
|
|
|z 2008028213
|
| 020 |
|
|
|z 9780275997168 (alk. paper)
|
| 020 |
|
|
|z 0275997162 (alk. paper)
|
| 035 |
|
|
|a (MiAaPQ)EBC491450
|
| 035 |
|
|
|a (Au-PeEL)EBL491450
|
| 035 |
|
|
|a (CaPaEBR)ebr10362805
|
| 035 |
|
|
|a (CaONFJC)MIL241613
|
| 035 |
|
|
|a (OCoLC)428541783
|
| 040 |
|
|
|a MiAaPQ
|c MiAaPQ
|d MiAaPQ
|
| 043 |
|
|
|a n-us---
|
| 050 |
|
4 |
|a HF5389
|b .M3753 2009
|
| 082 |
0 |
4 |
|a 395.5/20973
|2 22
|
| 100 |
1 |
|
|a Martin, Jeanette S.
|
| 245 |
1 |
0 |
|a Passport to success
|h [electronic resource] :
|b the essential guide to business culture and customs in America's largest trading partners /
|c Jeanette S. Martin, Lillian H. Chaney.
|
| 260 |
|
|
|a Westport, Conn. :
|b Praeger,
|c 2009.
|
| 300 |
|
|
|a xi, 290 p.
|
| 504 |
|
|
|a Includes bibliographical references (p. [281]-284) and index.
|
| 533 |
|
|
|a Electronic reproduction. Ann Arbor, MI : ProQuest, 2015. Available via World Wide Web. Access may be limited to ProQuest affiliated libraries.
|
| 650 |
|
0 |
|a Business etiquette.
|
| 650 |
|
0 |
|a Corporate culture.
|
| 650 |
|
0 |
|a Intercultural communication.
|
| 650 |
|
0 |
|a Industrial management
|x Social aspects.
|
| 651 |
|
0 |
|a United States
|x Commerce.
|
| 655 |
|
4 |
|a Electronic books.
|
| 700 |
1 |
|
|a Chaney, Lillian H.
|
| 710 |
2 |
|
|a ProQuest (Firm)
|
| 856 |
4 |
0 |
|u https://ebookcentral.proquest.com/lib/matrademy/detail.action?docID=491450
|z Click to View
|